Union catalogue of learned periodical publications in South Asia (Record no. 889589)

MARC details
000 -LEADER
fixed length control field 00744nam a2200241Ia 4500
003 - CONTROL NUMBER IDENTIFIER
control field OSt
005 - DATE AND TIME OF LATEST TRANSACTION
control field 20220930185056.0
008 - FIXED-LENGTH DATA ELEMENTS--GENERAL INFORMATION
fixed length control field 220926b |||||||| |||| 00| 0 eng d
037 ## - SOURCE OF ACQUISITION
Terms of availability General Books
040 ## - CATALOGING SOURCE
Original cataloging agency CRL
Transcribing agency CRL
Language of cataloging eng
041 ## - LANGUAGE CODE
Source of code eng
Language code of text/sound track or separate title eng
100 ## - MAIN ENTRY--PERSONAL NAME
Personal name Ranganathan S. R.
245 #0 - TITLE STATEMENT
Title Union catalogue of learned periodical publications in South Asia
260 ## - PUBLICATION, DISTRIBUTION, ETC.
Place of publication, distribution, etc. London
Name of publisher, distributor, etc. Indian Library Association
Date of publication, distribution, etc. 1953
500 ## - GENERAL NOTE
General note Contents V1 : Physical and Biological sciences (390p)
650 ## - SUBJECT ADDED ENTRY--TOPICAL TERM
Topical term or geographic name entry element BIBLIOGRAPHY
942 ## - ADDED ENTRY ELEMENTS (KOHA)
Classification part a43,94,4.94, J3 (RR)
Koha item type General Books
Source of classification or shelving scheme Colon Classification (CC)
Holdings
Withdrawn status Lost status Damaged status Not for loan Home library Current library Date acquired Total Checkouts Full call number Barcode Date last seen Price effective from Koha item type
        Central Library Central Library 2022-09-30   a43,94,4.94 J3 (RR) CL0081192 2022-09-30 2022-09-30 General Books
Copyright @ Delhi University Library System